<?xml version="1.0" encoding="UTF-8"?>
<marc:record xmlns:marc="http://www.loc.gov/MARC21/slim">
   <marc:leader>00000nam a2200000 a 4500</marc:leader>
   <marc:datafield ind1="1" ind2=" " tag="100">
      <marc:subfield code="a">Schroeder, Steffen</marc:subfield>
      <marc:subfield code="4">aut</marc:subfield>
      <marc:subfield code="e">Verfasser/-in</marc:subfield>
   </marc:datafield>
   <marc:datafield ind1="0" ind2="0" tag="245">
      <marc:subfield code="a">Mein Sommer mit Anja</marc:subfield>
   </marc:datafield>
   <marc:datafield ind1="0" ind2="0" tag="245">
      <marc:subfield code="b">Roman</marc:subfield>
   </marc:datafield>
   <marc:datafield ind1="0" ind2="0" tag="245">
      <marc:subfield code="c">Steffen Schroeder</marc:subfield>
   </marc:datafield>
   <marc:datafield ind1=" " ind2="1" tag="264">
      <marc:subfield code="a">Hamburg</marc:subfield>
      <marc:subfield code="b">Rowohlt Taschenbuch Verlag</marc:subfield>
      <marc:subfield code="c">1</marc:subfield>
   </marc:datafield>
   <marc:datafield ind1="1" ind2=" " tag="520">
      <marc:subfield code="a">Angaben aus der Verlagsmeldung ## ##  Mein Sommer mit Anja Schroeder, Mein Sommer mit Anja / von Steffen Schroeder ## #Ein heißer Sommer in den Achtzigern. Konrad verbringt die großen Ferien zusammen mit seinem geistig leicht zurückgebliebenen Freund Holger im Freibad. Hier begegnen sie Anja, die ganz anders ist als andere Mädchen. Sie ist zuhause abgehauen, schläft in einem Versteck im Park. Konrad bringt ihr Essen, hilft ihr, gemeinsam unternehmen sie Ausflüge. Als Konrad begreift, wie eigensinnig und gefährlich Anja wirklich lebt, ist er längst in sie verliebt. Aber warum ist Anja von ihrer Familie weg? Stückweise gibt sie ihre Geschichte preis. Doch von ihr selbst darf niemand erfahren, Konrad muss immer mehr lügen, kümmert sich kaum mehr um Holger. Und er muss sich fragen, wohin er selbst eigentlich gehört.</marc:subfield>
   </marc:datafield>
   <marc:datafield ind1=" " ind2=" " tag="020">
      <marc:subfield code="a">9783499000454</marc:subfield>
      <marc:subfield code="9">9783499000454</marc:subfield>
   </marc:datafield>
   <marc:datafield ind1=" " ind2=" " tag="041">
      <marc:subfield code="a">ger</marc:subfield>
   </marc:datafield>
   <marc:datafield ind1=" " ind2=" " tag="300">
      <marc:subfield code="a">203 Seiten</marc:subfield>
   </marc:datafield>
</marc:record>
